Dobrý deň, pani Gabriela Vyskočilová!

Podrobná bibliografia
Ďalší autori: Vrbická, Eva (Tazateľ)
Médium: Článok
Jazyk:slovenčina
ISSN:0862-5999
Predmet:

MARC

LEADER 00000nab a2200000 a 4500
001 vtls000793668
003 SK-MaSNL
005 20260304205040.0
008 140423c2001 xo 0 slo
015 |a SNBRB2002/06-18677 
035 |a CLN000145323 
040 |a SNKBUCL  |b slo  |c SNKBUCL  |e AACR2 
041 0 |a slo 
044 |a xo  |c SK 
080 |a 7.097.071.1  |2 1997 
080 |a 929 Vyskočilová, Gabriela  |2 1997 
100 1 |a Vrbická, Eva  |4 ivr  |9 311417 
245 1 0 |a Dobrý deň, pani Gabriela Vyskočilová!  |c zhovárala sa Eva Vrbická 
600 1 7 |a Vyskočilová, Gabriela,  |d 1938-  |2 snkbucl  |9 257401 
655 7 |a rozhovory  |2 snkbucl  |9 31831 
655 7 |a články z novín a časopisov  |2 snkbucl  |9 267496 
700 1 |a Vyskočilová, Gabriela,  |d 1938-  |4 ive  |9 257401 
773 0 |t Literárny týždenník  |g Roč. 14, č. 33 (2001), s. 5  |x 0862-5999 
850 |a Slovenská národná knižnica v Martine 
852 |a SNK  |b KIS3GCP 
958 |a BX 
958 |a SK 
992 |a RBX 
999 |c 3119081  |d 3121011